L'instruction publique en France pendant la Révolution (Record no. 155465)

MARC details
000 -LEADER
campo de control de longitud fija 00901nam a2200217 i 4500
001 - NÚMERO DE CONTROL
campo de control 155465
003 - IDENTIFICADOR DE NÚMERO DE CONTROL
campo de control ES-MaACL
005 - FECHA Y HORA DE LA ÚLTIMA TRANSACCIÓN
campo de control 20251015063138.0
008 - DATOS DE LONGITUD FIJA--INFORMACIÓN GENERAL
campo de control de longitud fija 990719s1881 fr |||| | fre d
040 ## - FUENTE DE CATALOGACIÓN
Centro catalogador/agencia de origen CCPB | B
Lengua de catalogación spa
Centro/agencia transcriptor CCPB | B
100 1# - ENTRADA PRINCIPAL--NOMBRE DE PERSONA
Nombre de persona Hippeau, Celestin,
Fechas asociadas al nombre 1803-1883
9 (RLIN) 127994
245 12 - MENCIÓN DEL TÍTULO
Título L'instruction publique en France pendant la Révolution
Resto del título : discours et rapports de Mirabeau, Talleyrand-Périgord, Condorcet, Lanthenas, Romme, Le Peletier, Saint-Fargeau, Calès, Lakanal, Daunou et Fourcroy /
Mención de responsabilidad, etc. publiés par C. Hippeau.
260 ## - PUBLICACIÓN, DISTRIBUCIÓN, ETC.
Lugar de publicación, distribución, etc. Paris :
Nombre del editor, distribuidor, etc. Didier et Cie,
Fecha de publicación, distribución, etc. 1881 (
Lugar de fabricación/manufactura Arcis-sur-Aube :
Fabricante Typ. Léon Frémont)
300 ## - DESCRIPCIÓN FÍSICA
Extensión XXIII, 519 p. ;
Dimensiones 18 cm.
596 ## - NOTA AL PIE DE IMPRENTA
NOTA AL PIE DE IMPRENTA Imp. tomado de v. de antep.
596 ## - NOTA AL PIE DE IMPRENTA
NOTA AL PIE DE IMPRENTA Marca del ed. en port.
597 ## - NOTA DE DESCRIPCIÓN FÍSICA
NOTA DE DESCRIPCIÓN FÍSICA Antep.
650 #4 - PUNTO DE ACCESO ADICIONAL DE MATERIA--TÉRMINO DE MATERIA
Término de materia o nombre geográfico como elemento de entrada Educación-
Subdivisión geográfica Francia.
9 (RLIN) 147613
852 ## - LOCALIZACIÓN
Ubicación ES-MaACL
Número de control de estantería D-3745
Nota libre -- Enc. hol.
Holdings
Estatus retirado Estado de pérdida Estado de daño No para préstamo Colección Biblioteca de origen Biblioteca actual Ubicación en estantería Fecha de adquisición Fuente de adquisición Total de préstamos Signatura topográfica completa Código de barras Visto por última vez Precio de reemplazo Tipo de ítem Koha
        Libros del s. XIX Biblioteca del Ateneo de Madrid Biblioteca del Ateneo de Madrid Sala Valle Inclán 17/01/2008     D-3745 901162621 23/02/2023 23/02/2023 Libro impreso antiguo